Atalanta Scorers in Serie A 2019-20 - Statistics

General Stats
  • This quiz has been taken 75 times
  • The average score is 9 of 14
Answer Stats
Player Goals % Correct
Josip Iličić 15
97%
Duván Zapata 18
96%
Luis Muriel 18
87%
Papu Gómez 7
85%
Mario Pašalić 9
81%
Marten de Roon 2
76%
Robin Gosens 9
76%
Rafael Tolói 2
75%
José Luis Palomino 2
59%
Remo Freuler 2
59%
Berat Djimsiti 2
54%
Ruslan Malinovskyi 8
43%
Timothy Castagne 1
37%
Amad Traoré 1
13%
No matching quizzes found
Score Distribution
Percent of People with Each Score
Percentile by Number Answered
Your Score History
You have not taken this quiz